Selected letters of Charles Morgan / (Record no. 20483)
[ view plain ]
| 000 -LEADER | |
|---|---|
| fixed length control field | 00829nam a2200265 a 4500 |
| 001 - CONTROL NUMBER | |
| control field | 20483 |
| 003 - CONTROL NUMBER IDENTIFIER | |
| rucl marc code | BD-RjUL |
| 005 - DATE AND TIME OF LATEST TRANSACTION | |
| control field | 20211209000554.0 |
| 008 - FIXED-LENGTH DATA ELEMENTS--GENERAL INFORMATION | |
| fixed length control field | 140301s1967 enkcfh 001 0 eng d |
| 035 ## - SYSTEM CONTROL NUMBER | |
| System control number | 67-82244 |
| System control number | (OCoLC)656708300 |
| -- | (BD-RjUL)20545 |
| 040 ## - CATALOGING SOURCE | |
| Original cataloging agency | DLC |
| Transcribing agency | CSU |
| Modifying agency | OCL |
| -- | m.c |
| -- | BD-RjUL |
| Language of cataloging | eng |
| 041 ## - LANGUAGE CODE | |
| Language code of text/sound track or separate title | eng |
| 082 ## - DEWEY DECIMAL CLASSIFICATION NUMBER | |
| Classification number | 826.91 |
| Author mark and year | MOS 1967 |
| 100 1# - MAIN ENTRY--PERSONAL NAME | |
| Personal name | Morgan, Charles, |
| Dates associated with a name | 1894-1958. |
| 9 (RLIN) | 57459 |
| 245 10 - TITLE STATEMENT | |
| Title | Selected letters of Charles Morgan / |
| Statement of responsibility, etc. | edited and with a memoir by Eiluned Lewis |
| 260 ## - PUBLICATION, DISTRIBUTION, ETC. (IMPRINT) | |
| Place of publication, distribution, etc. | London : |
| Name of publisher, distributor, etc. | Macmillan, |
| Date of publication, distribution, etc. | c1967. |
| 300 ## - PHYSICAL DESCRIPTION | |
| Pagination | 235 p. : |
| Illustrations | ill., facsims., ports. ; |
| Size | 23 cm. |
| 500 ## - GENERAL NOTE | |
| General note | Includes index. |
| 650 ## - SUBJECT ADDED ENTRY--TOPICAL TERM | |
| Topical term or geographic name as entry element | Morgan, Charles, 1894-1958 Correspondence |
| 9 (RLIN) | 63158 |
| 700 1# - ADDED ENTRY--PERSONAL NAME | |
| Personal name | Lewis, Eiluned. |
| 942 ## - ADDED ENTRY ELEMENTS (KOHA) | |
| Source of classification or shelving scheme | Dewey Decimal Classification |
| Koha item type | Books |
| Lost status | Source of classification or shelving scheme | Damaged status | Not for loan | Collection code | Permanent Location | Current Location | Shelving location | Date acquired | Source of acquisition | Cost, normal purchase price | Total Checkouts | Full call number | Date last seen | Copy number | Koha item type |
|---|---|---|---|---|---|---|---|---|---|---|---|---|---|---|---|
| Dewey Decimal Classification | Added to bundle | Fiction | Central Library, University of Rajshahi | Central Library, University of Rajshahi | Reading Room | 05/11/1968 | Zeitlinger | 42.00 | 826.91 MOS 1967 | 01/03/2014 | C-1 | Books |